الأمريكيون : (Record no. 14686)
[ view plain ]
| 000 -الفاتح | |
|---|---|
| حقل البيانات ثابتة الطول | 01334nam a2200289 i 4500 |
| 003 - محدد رقم الضبط | |
| رقم الضبط | EG-ScBUE |
| 005 - وقت وتاريخ اخر تعامل مع التسجيلة | |
| رقم الضبط | 20240129102427.0 |
| 008 - عناصر البيانات ثابتة الطول - معلومات عامة | |
| حقل البيانات ثابتة الطول | 100823s1993 jo f 000 0 ara d |
| 040 ## - مصدر الفهرسة | |
| وكالة الفهرسة الأصلية | EG-ScBUE |
| لغة الفهرسة | ara |
| قواعد الوصف | rda |
| وكالة النسخ | EG-ScBUE |
| وكالة التعديل | EG-ScBUE |
| 043 ## - رمز المنطقة الجغرافية | |
| رمز المنطقة الجغرافية | n-us--- |
| 082 04 - رقم تصنيف ديوى العشرى | |
| رقم الطبعة | 22 |
| رقم التصنيف | 973 |
| رقم المادة | ب و ر |
| 100 1# - المدخل الرئيسى - إسم شخصى | |
| 9 (RLIN) | 17622 |
| الإسم الشخصى | بورستين، دانييل ج.، |
| التواريخ المصاحبة للاسم | 1914-2004، |
| الدور | مؤلف. |
| 240 10 - العنوان الموحد | |
| عنوان موحد | Americans : the national experience. |
| لغة العمل | Arabic |
| 245 12 - بيان العنوان | |
| العنوان | الأمريكيون : |
| بقية العنوان | التجربة الوطنية / |
| بيان المسئوليه,etc | تأليف دانيل جى. بورستن، مؤلف كتاب المكتشفون ؛ تدقيق وتحرير الدكتور فاروق منصور. |
| 264 #1 - النشر، التوزيع | |
| مكان الناشر او الموزع | [عمان، الأردن] : |
| اسم الناشر او الموزع | مركز الكتب الأردني، |
| تاريخ النشر أو التوزيع | 1993. |
| 300 ## - الوصف المادى | |
| التعداد | 626 صفحة ؛ |
| أبعاد الوعاء | 24 سم |
| 336 ## - نوع المحتوى | |
| source | rdacontent |
| Carrier Type Term | نص |
| Content Type Code | txt |
| 337 ## - نوع الوسيط | |
| Media Type Term | بدون وسيط |
| source | rdamedia |
| Media Type Code | n |
| 338 ## - نوع الحامل أو الناقل | |
| Carrier Type Term | مجلد |
| Carrier Type Code | nc |
| source | rdacarrier |
| 541 ## - تبصرة المصدر المباشر للتزويد | |
| مصدر التزويد | ألف باء ؛ |
| طريقة التزويد | شراء ؛ |
| 650 #7 - المدخل الاضافى بالموضوع-مصطلح موضوعى | |
| 9 (RLIN) | 17626 |
| مصطلح موضوعي أو اسم جغرافي كعنصر مدخل | الحضارة الأمريكية. |
| مصدر الرأس أو المصطلح | BUEsh |
| 650 #7 - المدخل الاضافى بالموضوع-مصطلح موضوعى | |
| 9 (RLIN) | 17627 |
| مصطلح موضوعي أو اسم جغرافي كعنصر مدخل | الديمقراطية |
| التقسيم الفرعي الجغرافي | الولايات المتحدة الأمريكية. |
| مصدر الرأس أو المصطلح | BUEsh |
| 650 #7 - المدخل الاضافى بالموضوع-مصطلح موضوعى | |
| 9 (RLIN) | 17628 |
| مصطلح موضوعي أو اسم جغرافي كعنصر مدخل | الولايات المتحدة الأمريكية |
| التقسيم الفرعي العام | تاريخ. |
| مصدر الرأس أو المصطلح | BUEsh |
| 655 ## - مصطلح تكشيفى-نوع/شكل | |
| التقسيم الفرعي الشكلي | Reading book |
| 700 1# - المدخل الاضافى - اسم شخصى | |
| 9 (RLIN) | 17629 |
| الإسم الشخصى | منصور، فاروق، |
| الدور | مدقق، |
| -- | محرر. |
| 942 ## - عناصر المدخل الإضافي( كوها) | |
| مصدر التصنيف او مخطط الترفيف | Dewey Decimal Classification |
| Koha [default] item type | Book - Borrowing |
| حالة التراجع | حالة الفقد | مصدر التصنيف او خطة الترفيف | حالة تلف | ليس للاعارة | مجموعات كوها | المكان الدائم | المكان الحالي | موقع الترفيف | تاريخ الاكتساب | Source of acquisition | رقم الاستدعاء | الباركود | Date last seen | نوع الوعاء |
|---|---|---|---|---|---|---|---|---|---|---|---|---|---|---|
| Dewey Decimal Classification | Alef-Baa | Central Library | Central Library | Second Floor | 23/08/2010 | Purchase | 973 ب و ر | 000021730 | 15/07/2025 | Book - Borrowing |